[Event "Zepter op"]
[Site "Minsk"]
[Date "1998.04.25"]
[Round "1"]
[White "Kharlov, Andrei"]
[Black "Mironov, Ilya"]
[Result "1-0"]
[WhiteElo "2560"]
[BlackElo "2195"]
[PlyCount "66"]
[EventDate "1998.04.25"]
[EventType "swiss"]
[EventRounds "9"]
[EventCountry "BLR"]
[SourceTitle "CBM 064 ext"]
[Source "ChessBase"]
[SourceDate "1998.07.07"]
[SourceVersion "1"]
[SourceVersionDate "1998.07.07"]
[SourceQuality "1"]

1. c4 Nf6 2. Nc3 c5 3. Nf3 e6 4. e3 d5 5. d4 Nc6 6. cxd5 exd5 7. Bb5 cxd4 8.
exd4 Be7 9. O-O O-O 10. Bxc6 bxc6 11. Ne5 Bd7 12. Bg5 Rb8 13. Na4 Ne4 14. Bxe7
Qxe7 15. f3 Ng5 16. Nc5 Be8 17. Qd2 Ne6 18. Rac1 f6 19. Nxe6 Qxe6 20. Nd3 Qd6
21. Nc5 Bd7 22. Rc3 Rb6 23. Re1 Rfb8 24. b3 Re8 25. Rxe8+ Bxe8 26. Re3 Bf7 27.
g3 Rb8 28. Qa5 Ra8 29. Qe1 Kf8 30. Qb4 Rd8 31. Qa5 f5 32. Re5 f4 33. Qxa7 Qg6
1-0

[Event "Zepter op"]
[Site "Minsk"]
[Date "1998.04.26"]
[Round "2"]
[White "Chekurov, Vyacheslav"]
[Black "Kharlov, Andrei"]
[Result "0-1"]
[WhiteElo "2405"]
[BlackElo "2560"]
[PlyCount "70"]
[EventDate "1998.04.25"]
[EventType "swiss"]
[EventRounds "9"]
[EventCountry "BLR"]
[SourceTitle "CBM 064 ext"]
[Source "ChessBase"]
[SourceDate "1998.07.07"]
[SourceVersion "1"]
[SourceVersionDate "1998.07.07"]
[SourceQuality "1"]

1. e4 c5 2. Nf3 Nc6 3. Bb5 d6 4. O-O Bd7 5. Re1 a6 6. Bf1 Bg4 7. c3 e6 8. d3
Be7 9. Be3 Nf6 10. Nbd2 d5 11. Bg5 O-O 12. h3 Bh5 13. Bh4 b5 14. g4 Bg6 15. Bg3
Nd7 16. Bg2 dxe4 17. dxe4 c4 18. Nd4 Nxd4 19. cxd4 Qb6 20. Nf1 Rad8 21. f4 Nc5
22. f5 Nd3 23. fxg6 Qxd4+ 24. Kh2 hxg6 25. Re2 Bc5 26. Ne3 f5 27. gxf5 gxf5 28.
Nc2 Qf6 29. exf5 exf5 30. Qh1 f4 31. Bd5+ Kh8 32. Be1 f3 33. Bxf3 Bd6+ 34. Kg1
Qxf3 35. Qxf3 Rxf3 0-1

[Event "Zepter op"]
[Site "Minsk"]
[Date "1998.04.27"]
[Round "3"]
[White "Kharlov, Andrei"]
[Black "Shariyazdanov, Andrey"]
[Result "1-0"]
[WhiteElo "2560"]
[BlackElo "2495"]
[PlyCount "107"]
[EventDate "1998.04.25"]
[EventType "swiss"]
[EventRounds "9"]
[EventCountry "BLR"]
[SourceTitle "CBM 064 ext"]
[Source "ChessBase"]
[SourceDate "1998.07.07"]
[SourceVersion "1"]
[SourceVersionDate "1998.07.07"]
[SourceQuality "1"]

1. e4 c5 2. c3 d5 3. exd5 Qxd5 4. d4 Nf6 5. Nf3 Bg4 6. Be2 e6 7. O-O Nc6 8. h3
Bh5 9. Be3 cxd4 10. cxd4 Bb4 11. a3 Ba5 12. b4 Bb6 13. Nc3 Qd8 14. Qb3 O-O 15.
Rad1 Nd5 16. Nxd5 exd5 17. g4 Bg6 18. Ne5 Nxe5 19. dxe5 d4 20. Bxd4 Bxd4 21.
Qc4 Bxf2+ 22. Rxf2 Qe7 23. Qf4 Rac8 24. g5 Bc2 25. Rd6 Bb3 26. h4 Qc7 27. Bg4
Qc1+ 28. Kg2 Qxf4 29. Rxf4 Rc7 30. Rf3 Bc4 31. Re3 Re7 32. Kg3 Be6 33. Bf3 Rfe8
34. b5 Kf8 35. b6 axb6 36. Rxb6 Bc8 37. Kf4 Rc7 38. Bd5 Rd8 39. Rd6 Ke7 40.
Rxd8 Kxd8 41. Rb3 Be6 42. g6 h6 43. gxf7 Rxf7+ 44. Ke4 Bxd5+ 45. Kxd5 g5 46. h5
g4 47. Rb6 Rd7+ 48. Ke4 Rg7 49. Rg6 Rxg6 50. hxg6 Ke7 51. Kf4 h5 52. Kg3 b5 53.
Kh4 Ke6 54. Kxh5 1-0

[Event "Zepter op"]
[Site "Minsk"]
[Date "1998.04.28"]
[Round "4"]
[White "Bezgodov, Alexei"]
[Black "Kharlov, Andrei"]
[Result "1/2-1/2"]
[WhiteElo "2520"]
[BlackElo "2560"]
[PlyCount "63"]
[EventDate "1998.04.25"]
[EventType "swiss"]
[EventRounds "9"]
[EventCountry "BLR"]
[SourceTitle "CBM 064 ext"]
[Source "ChessBase"]
[SourceDate "1998.07.07"]
[SourceVersion "1"]
[SourceVersionDate "1998.07.07"]
[SourceQuality "1"]

1. c4 e5 2. Nc3 Nf6 3. Nf3 Nc6 4. e3 Bb4 5. Qc2 Bxc3 6. Qxc3 Qe7 7. a3 d5 8.
cxd5 Nxd5 9. Qb3 Nb6 10. d3 O-O 11. Be2 Bf5 12. O-O Rfd8 13. Nd2 Rd6 14. Ne4
Rh6 15. g3 Rd8 16. Qc2 Bxe4 17. dxe4 Na5 18. b4 Qe6 19. h4 Qc6 20. Ra2 Qxc2 21.
Rxc2 Rc6 22. Rd1 Rxd1+ 23. Bxd1 Rxc2 24. Bxc2 Nac4 25. Kf1 Nd6 26. a4 a6 27.
Bb2 Nbc4 28. Ba1 f6 29. Ke2 b5 30. Kd3 Kf7 31. f4 Ke7 32. Bb3 1/2-1/2

[Event "Zepter op"]
[Site "Minsk"]
[Date "1998.04.29"]
[Round "5"]
[White "Kharlov, Andrei"]
[Black "Berelowitsch, Alexander"]
[Result "0-1"]
[WhiteElo "2560"]
[BlackElo "2515"]
[PlyCount "80"]
[EventDate "1998.04.25"]
[EventType "swiss"]
[EventRounds "9"]
[EventCountry "BLR"]
[SourceTitle "CBM 064 ext"]
[Source "ChessBase"]
[SourceDate "1998.07.07"]
[SourceVersion "1"]
[SourceVersionDate "1998.07.07"]
[SourceQuality "1"]

1. d4 Nf6 2. c4 e6 3. Nc3 c5 4. e3 d5 5. Nf3 Nc6 6. cxd5 exd5 7. Bb5 Bd6 8. O-O
O-O 9. h3 a6 10. Bxc6 bxc6 11. dxc5 Bxc5 12. b3 Bd6 13. Bb2 c5 14. Rc1 Bb7 15.
Qd3 Qe7 16. Rfd1 Rad8 17. Na4 Ne4 18. Ba3 Rfe8 19. Qc2 d4 20. Qe2 Ng5 21. Ne1
Qe5 22. f4 Nxh3+ 23. gxh3 Qe4 24. Ng2 Bxf4 25. Nxc5 Bxe3+ 26. Kh1 Qf5 27. Qg4
Bxg2+ 28. Kxg2 Qf2+ 29. Kh1 Bxc1 30. Nd3 Qxa2 31. Bxc1 Qxb3 32. Bh6 Qd5+ 33.
Kg1 g6 34. Nf2 f5 35. Qh4 Rd7 36. Bg5 a5 37. Bf6 Kf7 38. Bxd4 Red8 39. Kh2 Qc4
40. Bb2 Qxh4 0-1

[Event "Zepter op"]
[Site "Minsk"]
[Date "1998.04.30"]
[Round "6"]
[White "Savon, Vladimir"]
[Black "Kharlov, Andrei"]
[Result "0-1"]
[WhiteElo "2425"]
[BlackElo "2560"]
[PlyCount "108"]
[EventDate "1998.04.25"]
[EventType "swiss"]
[EventRounds "9"]
[EventCountry "BLR"]
[SourceTitle "CBM 064 ext"]
[Source "ChessBase"]
[SourceDate "1998.07.07"]
[SourceVersion "1"]
[SourceVersionDate "1998.07.07"]
[SourceQuality "1"]

1. c4 e5 2. d3 Nf6 3. Nf3 Nc6 4. Nc3 d5 5. cxd5 Nxd5 6. e3 Be7 7. Be2 O-O 8.
O-O Be6 9. Bd2 Nb6 10. a3 g5 11. b4 a6 12. Bc1 f5 13. Bb2 Bf6 14. Nd2 Qe7 15.
Nb3 a5 16. b5 a4 17. Nd2 Na5 18. e4 f4 19. Bg4 Bxg4 20. Qxg4 Rad8 21. h4 h6 22.
hxg5 hxg5 23. Nd5 Nxd5 24. exd5 Qd7 25. Qe2 Qxd5 26. Ne4 Bg7 27. Rad1 Qxb5 28.
Nxg5 Rd6 29. Rfe1 Nc6 30. Qe4 Rh6 31. Rb1 Qc5 32. Nf3 Rh5 33. Qxa4 Qd6 34. Qe4
Kh8 35. Kf1 Qe6 36. Ke2 Rf6 37. Rh1 Rfh6 38. Rxh5 Rxh5 39. Qc4 Qxc4 40. dxc4 e4
41. Bxg7+ Kxg7 42. Rxb7 exf3+ 43. Kxf3 Nd4+ 44. Kxf4 Ne6+ 45. Ke3 Re5+ 46. Kd2
Kf6 47. Rb5 c5 48. a4 Nd4 49. Rb2 Re2+ 50. Kc3 Re1 51. a5 Ra1 52. Rb6+ Ke5 53.
a6 Ra2 54. Rg6 Ne6 0-1

[Event "Zepter op"]
[Site "Minsk"]
[Date "1998.05.01"]
[Round "7"]
[White "Kharlov, Andrei"]
[Black "Aronian, Levon"]
[Result "0-1"]
[WhiteElo "2560"]
[BlackElo "2455"]
[PlyCount "110"]
[EventDate "1998.04.25"]
[EventType "swiss"]
[EventRounds "9"]
[EventCountry "BLR"]
[SourceTitle "CBM 064 ext"]
[Source "ChessBase"]
[SourceDate "1998.07.07"]
[SourceVersion "1"]
[SourceVersionDate "1998.07.07"]
[SourceQuality "1"]

1. c4 e5 2. g3 Nf6 3. Bg2 d5 4. cxd5 Nxd5 5. Nf3 Nc6 6. O-O Nb6 7. d3 Be7 8. a3
O-O 9. Nbd2 Re8 10. b4 a5 11. Bb2 axb4 12. axb4 Rxa1 13. Qxa1 Bxb4 14. Ne4 Qe7
15. Rd1 Bf5 16. Nh4 Bg4 17. f3 Bh5 18. Nf5 Qf8 19. Rc1 Bg6 20. Bh3 Ra8 21. Qb1
Ra5 22. Nh4 f5 23. Nf2 Bd2 24. Rd1 Bg5 25. Ng2 Qb4 26. e4 Bf7 27. f4 exf4 28.
gxf4 Be7 29. Qc1 Ra2 30. Bc3 Qb3 31. Be1 Ba3 32. Qc3 Qxc3 33. Bxc3 Na4 34. Be5
Nxe5 35. fxe5 Bc5 36. d4 Nc3 37. dxc5 Nxd1 38. Nxd1 Ra1 39. Nge3 f4 40. Kf2
Ra2+ 41. Kf3 fxe3 42. Nxe3 Rb2 43. Bc8 Bh5+ 44. Kg3 Re2 45. Nd5 Rxe4 46. Bxb7
Rxe5 47. Kf4 Rxd5 48. Bxd5+ Kf8 49. Ke5 Ke7 50. Be4 Bg6 51. Bd5 Bc2 52. Bf3 g5
53. Be2 Bg6 54. Bf3 h5 55. Bb7 Bd3 0-1

[Event "Zepter op"]
[Site "Minsk"]
[Date "1998.05.03"]
[Round "9"]
[White "Kharlov, Andrei"]
[Black "Baturin, Mikhail"]
[Result "1-0"]
[WhiteElo "2560"]
[BlackElo "2395"]
[PlyCount "105"]
[EventDate "1998.04.25"]
[EventType "swiss"]
[EventRounds "9"]
[EventCountry "BLR"]
[SourceTitle "CBM 064 ext"]
[Source "ChessBase"]
[SourceDate "1998.07.07"]
[SourceVersion "1"]
[SourceVersionDate "1998.07.07"]
[SourceQuality "1"]

1. c4 c5 2. Nf3 Nf6 3. Nc3 e6 4. e3 Nc6 5. d4 d5 6. a3 cxd4 7. exd4 Be7 8. c5
Ne4 9. Qc2 f5 10. Bb5 O-O 11. O-O Bf6 12. Bxc6 bxc6 13. Bf4 Bd7 14. h3 Be8 15.
b4 Bh5 16. Ne5 Bxe5 17. Bxe5 Nxc3 18. Qxc3 Be2 19. Rfe1 Bc4 20. Bd6 Rf6 21. Re5
Qd7 22. Rae1 Re8 23. Qe3 Qf7 24. Qf4 a6 25. a4 h6 26. Qd2 Qg6 27. R5e3 Qf7 28.
Be5 Rg6 29. Ra3 Qe7 30. f3 h5 31. Qf2 Rh6 32. h4 Kf7 33. Bf4 Rhh8 34. Bd6 Qd7
35. Rae3 Qb7 36. Qd2 Qd7 37. Bf4 Rhf8 38. Re5 Rh8 39. R5e3 Rhg8 40. Kf2 Qc8 41.
Rh1 Qd7 42. Rh3 Qc8 43. Rg3 Qd7 44. Rg5 g6 45. Be5 Ra8 46. g4 hxg4 47. fxg4
Raf8 48. Bd6 Re8 49. Rg3 Rg7 50. Be5 Rgg8 51. h5 Ref8 52. gxf5 exf5 53. Rxg6
1-0

[Event "Russian Club Cup"]
[Site "Maikop"]
[Date "1998.06.11"]
[Round "9"]
[White "Nevostrujev, Vladimir"]
[Black "Kharlov, Andrei"]
[Result "0-1"]
[WhiteElo "2410"]
[BlackElo "2560"]
[Annotator "Gofshtein,L"]
[PlyCount "59"]
[EventDate "1998.06.03"]
[EventType "team"]
[EventRounds "11"]
[EventCountry "RUS"]
[SourceTitle "CBM 066"]
[Source "ChessBase"]
[SourceDate "1998.09.30"]
[SourceVersion "1"]
[SourceVersionDate "1998.09.30"]
[SourceQuality "1"]

1. e4 {Tyomkin,D} c5 2. Nf3 Nc6 3. d4 cxd4 4. Nxd4 Nf6 5. Nc3 d6 6. Bg5 e6 7.
Qd2 Be7 8. O-O-O Nxd4 9. Qxd4 O-O 10. f4 Qa5 11. Bc4 Bd7 12. e5 dxe5 13. fxe5
Bc6 14. Bd2 Nd7 15. Nd5 Qd8 16. Nxe7+ Qxe7 17. Rhe1 Rfd8 18. Bf1 Nf8 19. Qg4
Ng6 20. Bb4 Rxd1+ 21. Rxd1 Nxe5 $5 $146 (21... Qc7 22. Qd4 Bd5 (22... b5 23.
Bd6 Qb7 24. Rd2 Rc8 25. h4 h6 26. h5 Nf8 27. Qh4 $1 {[%cal Gh4e7]} Bd5 28. b3
Nh7 29. Qe7 $16 {Kruppa,Y-Ostojic,N/Platonov mem 1995/1-0(53)}) 23. Bc3 Qe7 24.
g3 Qg5+ 25. Qd2 Qh5 26. h3 Qf3 27. Qd3 Rc8 28. Qxf3 Bxf3 29. Rd3 $14 {Kovalev,
A-Leko,P/Munich op9192 1992/1-0(42)}) (21... Qh4 $5) 22. Qxg7+ (22. Qd4 $6 Qg5+
23. Bd2 Qh5) 22... Kxg7 23. Bxe7 Ng4 {[%cal Gg4e3,Gg4h2]} 24. Rd3 $6 {[%cal
Rd3g3]} (24. h3 Ne3 25. Re1 Nxf1 26. Rxf1 f5 $11) (24. Be2 $142 Nf2 $1 {
[%cal Gf7f5,Gf2e4]} (24... Ne3 25. Rg1 $1 (25. Rd3 Nf5 26. Bc5 Bxg2) 25... f6 (
25... f5 $6 26. Bc5 $14) 26. Bc5 Nd5 $14) 25. Rf1 Ne4 $11) 24... f5 25. h3 Nf2
26. Ra3 a6 27. b4 $6 {[%csl Rc2,Rc4][%cal Ya8c8]} Rc8 $15 28. c4 $2 {Now white
is losing c-pawn.} (28. Re3 Kf7 29. Bg5 Ne4 30. Bf4 Ba4 31. Bd3 Nf2 32. Kb1
Nxd3 33. cxd3 Rc2 $15) 28... Kf7 $17 29. Bh4 $2 (29. Bd6 Ne4 30. Be5 Bb5 $17) (
29. Bg5 Bb5 $17) {[%tqu "En","","","","c6g2","",10]} 29... Bxg2 $1 30. Bxg2 (
30. c5 Bxf1 31. Bxf2 Bc4 $19 {[%csl Ra3,Re6,Rf5]}) (30. Bxg2 Rxc4+ 31. Kd2 Rxh4
32. Bxb7 Rxb4 33. Bxa6 Kf6 $19) 0-1

[Event "Russian Club Cup"]
[Site "Maikop"]
[Date "1998.06.13"]
[Round "11"]
[White "Rodin, Mihail"]
[Black "Kharlov, Andrei"]
[Result "0-1"]
[WhiteElo "2390"]
[BlackElo "2560"]
[Annotator "Gofshtein,L"]
[PlyCount "46"]
[EventDate "1998.06.03"]
[EventType "team"]
[EventRounds "11"]
[EventCountry "RUS"]
[SourceTitle "CBM 066"]
[Source "ChessBase"]
[SourceDate "1998.09.30"]
[SourceVersion "1"]
[SourceVersionDate "1998.09.30"]
[SourceQuality "1"]

1. e4 {Tyomkin,D} c5 2. Nf3 Nc6 3. d4 cxd4 4. Nxd4 Nf6 5. Nc3 d6 6. Bg5 e6 7.
Qd2 Be7 8. O-O-O Nxd4 9. Qxd4 O-O 10. f4 Qa5 11. Kb1 Rd8 12. Qd2 Bd7 (12... Qc7
13. Qe1 a6 14. Bd3 h6 15. h4 $5 Kf8 16. e5 dxe5 17. fxe5 Nd7 18. Bf4 Nc5 19.
Qe3 $14 {Lobron-Chiburdanidze, Dortmund 1983}) 13. Bd3 h6 14. h4 $6 $146 (14.
Bxf6 Bxf6 15. Nd5 Qxd2 16. Nxf6+ gxf6 17. Rxd2 Bc6 18. Re1 Kf8 19. Re3 Ke7 $11
{Xie Jun-Aleksieva,S/Cannes op18th 1997/1/2-1/2 (64)}) 14... Kf8 $1 {Aimed
against 15.Bxf6 Bxf6 16.Nd5} (14... hxg5 $2 15. hxg5 Ne8 16. g4 $18 {[%cal
Rd2h2]}) 15. Qe1 (15. g4 $5 {[%cal Gg5f6,Yg4g5]} hxg5 (15... Nxg4 $2 16. Bxe7+
Kxe7 17. Nd5+ $18) (15... Rac8 16. Bxf6 Bxf6 17. e5 dxe5 18. g5 Be7 19. gxh6
gxh6 20. fxe5 Qxe5 21. Qxh6+ $36) 16. hxg5 Ng8 17. Rh8 Rac8 18. Qh2 {[%cal
Rh8g8,Rh2h7,Rd1h1,Yh3h7]} Bxg5 $8 19. fxg5 {[%cal Rh2d6]} Ke7 20. g6 $40) 15...
Rac8 {[%cal Gc8c3]} (15... hxg5 $6 16. hxg5 Ng8 17. Rh8 $40 {[%cal Ge1h4,Gh4h7]
}) 16. e5 $2 dxe5 17. fxe5 hxg5 18. hxg5 ({Nothing changes} 18. exf6 Bxf6 19.
hxg5 Bxc3 20. bxc3 Qxg5 $19) 18... Ng8 19. Rh8 Bb4 $19 20. Qh4 (20. g6 Bxc3 21.
gxf7 Kxf7 22. bxc3 Qb6+ 23. Ka1 Qc5 24. Qf1+ Ke7 $19) 20... Bxc3 21. g6 Qb4 22.
Rxg8+ Kxg8 23. gxf7+ Kf8 $1 0-1

[Event "RUS-Cup06"]
[Site "Nizhnij Novgorod"]
[Date "1998.06.29"]
[Round "1"]
[White "Osokin, Alexei"]
[Black "Kharlov, Andrei"]
[Result "1/2-1/2"]
[WhiteElo "2330"]
[BlackElo "2560"]
[PlyCount "205"]
[EventDate "1998.06.29"]
[EventType "swiss"]
[EventRounds "9"]
[EventCountry "RUS"]
[SourceTitle "EXT 2000"]
[Source "ChessBase"]
[SourceDate "1999.11.16"]
[SourceVersion "1"]
[SourceVersionDate "1999.11.16"]
[SourceQuality "1"]

1. d4 d5 2. c4 e6 3. Nc3 Nf6 4. cxd5 exd5 5. Bg5 c6 6. e3 Bf5 7. Qf3 Bg6 8.
Bxf6 Qxf6 9. Qxf6 gxf6 10. Nge2 Nd7 11. Kd2 Nb6 12. b3 a5 13. Nf4 Bd6 14. Nd3
Bb4 15. Be2 Bxd3 16. Bxd3 Nc8 17. Rhc1 Nd6 18. a3 Bxc3+ 19. Rxc3 Kd7 20. g3 f5
21. Rc2 Rhg8 22. Ke2 Rg6 23. Kf3 h5 24. h4 Ne4 25. Kg2 Ke7 26. Be2 Rh6 27. Rb1
Kd7 28. Rbc1 Nd6 29. Kf1 Rhh8 30. Ke1 Ke6 31. Kf1 Kf6 32. Ke1 Ke6 33. Kf1 Ne4
34. Kg2 Kd7 35. Rb1 Nf6 36. Rbc1 Rhc8 37. Bd3 Ne4 38. Be2 Rh8 39. Bd3 Ke6 40.
Be2 Kf6 41. Bd3 Nd6 42. Rc3 Rhe8 43. R3c2 Kg6 44. Kf1 Kf6 45. Kg2 Rg8 46. Kh1
Rge8 47. Kg2 Kg6 48. Kf1 Re6 49. Kg2 Kf6 50. Kf1 Ree8 51. Kg2 Ra7 52. Kf1 Raa8
53. Kg2 Nc8 54. Be2 Kg6 55. Bd3 Ne7 56. Be2 Red8 57. Kf1 Rd6 58. Kg2 Kh6 59.
Bd3 Kg6 60. Be2 a4 61. b4 b5 62. Bd3 Re6 63. Kf1 Rd8 64. Kg2 Rdd6 65. Kf3 Ng8
66. Kf4 Nh6 67. Rc3 Kg7 68. R3c2 Rf6 69. Be2 Ng4 70. Bd3 Rde6 71. Kf3 Nh6 72.
Kf4 Ng8 73. Kf3 Ne7 74. Kf4 Kh6 75. Rc3 Ng6+ 76. Kf3 Nf8 77. Kf4 Nd7 78. Bb1
Nb6 79. Kf3 Nc4 80. Kg2 Re8 81. Bd3 Kg6 82. R1c2 Rfe6 83. Rc1 Kf6 84. Kf1 Rg8
85. Rd1 Ree8 86. Be2 Rh8 87. Bf3 Kg6 88. Be2 Re6 89. Bd3 Rhe8 90. Be2 Kh6 91.
Bd3 Rf6 92. Be2 Ree6 93. Bd3 Nb6 94. Rdc1 Nd7 95. Kg2 Nf8 96. Kf3 Rd6 97. Kg2
Ng6 98. Kf3 Rde6 99. R3c2 Nf8 100. Rc3 Nd7 101. Kg2 Nb6 102. Kf1 Nc4 103. Rd1
1/2-1/2

[Event "RUS-Cup06"]
[Site "Nizhnij Novgorod"]
[Date "1998.07.02"]
[Round "4"]
[White "Kharlov, Andrei"]
[Black "Yanin, Pavel"]
[Result "1-0"]
[WhiteElo "2560"]
[BlackElo "2430"]
[PlyCount "73"]
[EventDate "1998.06.29"]
[EventType "swiss"]
[EventRounds "9"]
[EventCountry "RUS"]
[SourceTitle "EXT 2000"]
[Source "ChessBase"]
[SourceDate "1999.11.16"]
[SourceVersion "1"]
[SourceVersionDate "1999.11.16"]
[SourceQuality "1"]

1. c4 f5 2. g3 Nf6 3. Bg2 e5 4. Nc3 Nc6 5. a3 a5 6. e3 g6 7. d3 Bg7 8. Nge2 O-O
9. O-O d6 10. Rb1 Be6 11. Nd5 Bf7 12. Nec3 Nxd5 13. Nxd5 a4 14. Bd2 Qd7 15. f4
Ra7 16. Qc2 Ne7 17. fxe5 Bxe5 18. Bc3 Nxd5 19. cxd5 Qb5 20. Bxe5 dxe5 21. Qxc7
Qxd3 22. Rfe1 e4 23. Rbd1 Qb3 24. d6 Raa8 25. Rd2 Rac8 26. Qe7 Rc2 27. Rxc2
Qxc2 28. Qxb7 Qd3 29. Qb6 Rc8 30. Bf1 Qd2 31. Qb4 Rc2 32. Re2 Qxb4 33. axb4 Rc8
34. Rd2 Kf8 35. Bb5 Bb3 36. Bc6 Kf7 37. b5 1-0

[Event "RUS-Cup06"]
[Site "Nizhnij Novgorod"]
[Date "1998.07.03"]
[Round "5"]
[White "Shariyazdanov, Andrey"]
[Black "Kharlov, Andrei"]
[Result "1/2-1/2"]
[WhiteElo "2495"]
[BlackElo "2560"]
[PlyCount "20"]
[EventDate "1998.06.29"]
[EventType "swiss"]
[EventRounds "9"]
[EventCountry "RUS"]
[SourceTitle "EXT 2000"]
[Source "ChessBase"]
[SourceDate "1999.11.16"]
[SourceVersion "1"]
[SourceVersionDate "1999.11.16"]
[SourceQuality "1"]

1. d4 d5 2. c4 e6 3. Nc3 Nf6 4. cxd5 exd5 5. Bg5 c6 6. e3 Bf5 7. Qf3 Bg6 8.
Bxf6 Qxf6 9. Qxf6 gxf6 10. Nf3 Be7 1/2-1/2